| 000 | 006040000a22001930004500 | ||
|---|---|---|---|
| 001 | 768714001 | ||
| 003 | CO-MdFUSB | ||
| 005 | 20170608143513.0 | ||
| 008 | 170608s2004 cr ||||| |||| 00| 0 spa d | ||
| 022 | _a1409-1968 | ||
| 040 |
_aCO-MdFUSB _bspa _cCO-MdFUSB _dCO-MdFUSB |
||
| 041 | _aspa | ||
| 100 | 1 |
_aPeñalba, René _eautor |
|
| 245 | 1 | 0 | _a"He venido a ser como vaso quebrado" |
| 300 |
_aVolumen 21. Número 2 (2004), Páginas 32-34 _c 27 cm. |
||
| 546 | _aTexto en español | ||
| 773 | 0 |
_tApuntes Pastorales _049442 _960150 _gVolumen 21. Número 2 (2004), Páginas 32-34 _qPágina 32 |
|
| 942 | _cANA | ||
| 999 |
_c60764 _d60764 |
||